000 00757nam a2200193 i 4500
001 61116
003 ES-MaACL
005 20230906164356.0
007 t|
008 031110s1962 sp ||||1| spa d
245 0 0 _aEvaluación de empresas y partes de empresa
_b: reglas formuladas por la Comisión Especial U.E.C. /
_ctraducido por Francisco Querendez.
260 _aBilbao :
_bDeusto,
_c[1962]
300 _aXVI, 95 p. ;
_c25 cm.
490 1 _aColección de la Unión Europea de los expertos contables, económicos y financieros
700 1 _aQuerendez, Francisco.
_994534
830 0 _aColección de la Unión Europea de los expertos contables, económicos y financieros
_9230584
852 _aES-MaACL
_jC-22433
_bR.50610
999 _c61116
_d61116